Études expérimentales sur l'origine des cassures terrestres et sur leur coordination réciproque au point de vue des accidents du relief du sol / (Record no. 51936)

MARC details
000 -LEADER
campo de control de longitud fija 00510nam a2200145 i 4500
001 - NÚMERO DE CONTROL
campo de control 51936
003 - IDENTIFICADOR DE NÚMERO DE CONTROL
campo de control ES-MaACL
007 - CAMPO FIJO DE DESCRIPCIÓN FÍSICA--INFORMACIÓN GENERAL
campo de control de longitud fija t|
008 - DATOS DE LONGITUD FIJA--INFORMACIÓN GENERAL
campo de control de longitud fija 030821s1882 fr ||||1| fre d
100 1# - ENTRADA PRINCIPAL--NOMBRE DE PERSONA
Nombre de persona Daubrée, Auguste.
9 (RLIN) 42793
245 10 - MENCIÓN DEL TÍTULO
Título Études expérimentales sur l'origine des cassures terrestres et sur leur coordination réciproque au point de vue des accidents du relief du sol /
Mención de responsabilidad, etc. A. Daubrée.
260 ## - PUBLICACIÓN, DISTRIBUCIÓN, ETC.
Lugar de publicación, distribución, etc. Paris :
Nombre del editor, distribuidor, etc. [s.n.],
Fecha de publicación, distribución, etc. 1882 (
Fabricante Georges Chamerot)
300 ## - DESCRIPCIÓN FÍSICA
Extensión 44 p. ;
Dimensiones 22 cm.
852 ## - LOCALIZACIÓN
Ubicación ES-MaACL
Número de control de estantería B-7981
Holdings
Estatus retirado Estado de pérdida Estado de daño No para préstamo Colección Biblioteca de origen Biblioteca actual Ubicación en estantería Fecha de adquisición Fuente de adquisición Total de préstamos Signatura topográfica completa Código de barras Visto por última vez Precio de reemplazo Tipo de ítem Koha
        Libros del s. XIX Biblioteca del Ateneo de Madrid Biblioteca del Ateneo de Madrid Sala Pardo Bazán 17/01/2008     B-7981 1054607 23/02/2023 23/02/2023 Libro impreso antiguo